Apuntes de derecho inmobiliario registral. (Record no. 51627)
[ view plain ]
| 000 -LEADER | |
|---|---|
| campo de control de longitud fija | 00814nam a2200229 i 4500 |
| 001 - NÚMERO DE CONTROL | |
| campo de control | 51627 |
| 003 - IDENTIFICADOR DE NÚMERO DE CONTROL | |
| campo de control | ES-MaACL |
| 005 - FECHA Y HORA DE LA ÚLTIMA TRANSACCIÓN | |
| campo de control | 20231227161438.0 |
| 007 - CAMPO FIJO DE DESCRIPCIÓN FÍSICA--INFORMACIÓN GENERAL | |
| campo de control de longitud fija | t| |
| 008 - DATOS DE LONGITUD FIJA--INFORMACIÓN GENERAL | |
| campo de control de longitud fija | 030814s1967 sp |||| |dspa d |
| 100 1# - ENTRADA PRINCIPAL--NOMBRE DE PERSONA | |
| Nombre de persona | Chico y Ortiz, José María. |
| 9 (RLIN) | 38492 |
| 245 10 - MENCIÓN DEL TÍTULO | |
| Título | Apuntes de derecho inmobiliario registral. |
| Número de parte o sección de la obra | I / |
| Mención de responsabilidad, etc. | José María Chico Ortiz, Juan Francisco Bonilla Encina ; prólogo de Pío Cabanillas Gallas. |
| 250 ## - MENCION DE EDICION | |
| Mención de edición | 2ª ed. |
| 260 ## - PUBLICACIÓN, DISTRIBUCIÓN, ETC. | |
| Lugar de publicación, distribución, etc. | Madrid : |
| Nombre del editor, distribuidor, etc. | [s.n.], |
| Fecha de publicación, distribución, etc. | 1967 ( |
| Fabricante | Imp. Bolaños y Aguilar) |
| 300 ## - DESCRIPCIÓN FÍSICA | |
| Extensión | 1 v. (990 p.) ; |
| Dimensiones | 24 cm. |
| 505 8# - NOTA DE CONTENIDO CON FORMATO | |
| Nota de contenido con formato | Contiene: v. 1 |
| 650 04 - PUNTO DE ACCESO ADICIONAL DE MATERIA--TÉRMINO DE MATERIA | |
| Término de materia o nombre geográfico como elemento de entrada | Derecho inmobiliario registral- |
| Subdivisión geográfica | España. |
| 9 (RLIN) | 11715 |
| 700 1# - ENTRADA AGREGADA--NOMBRE PERSONAL | |
| Nombre de persona | Bonilla Encina, Juan Francisco. |
| 9 (RLIN) | 167281 |
| 700 1# - ENTRADA AGREGADA--NOMBRE PERSONAL | |
| Nombre de persona | Cabanillas Gallas, Pío, |
| Fechas asociadas al nombre | 1923-1991 |
| 9 (RLIN) | 33147 |
| 852 ## - LOCALIZACIÓN | |
| Ubicación | ES-MaACL |
| Número de control de estantería | P-1317 |
| Estatus retirado | Estado de pérdida | Estado de daño | No para préstamo | Biblioteca de origen | Biblioteca actual | Ubicación en estantería | Fecha de adquisición | Fuente de adquisición | Total de préstamos | Signatura topográfica completa | Código de barras | Visto por última vez | Precio de reemplazo | Tipo de ítem Koha |
|---|---|---|---|---|---|---|---|---|---|---|---|---|---|---|
| Biblioteca del Ateneo de Madrid | Biblioteca del Ateneo de Madrid | Depósito 2 | 17/01/2008 | P-1317 | 1054292 | 23/02/2023 | 23/02/2023 | Libro impreso |
